MARC

LEADER 00000nam0a2200000 4500
001 129832
005 20231031133721.0
035 |a (RuTPU)RU\TPU\book\140556 
090 |a 129832 
100 |a 20080128d1974 m y0rusy50 ca 
101 0 |a rus 
102 |a RU 
105 |a a z 001zy 
200 1 |a Газотурбинные установки на магистральных газопроводах  |f Б. П. Поршаков, В. И. Халатин 
210 |a Москва  |c Недра  |d 1974 
215 |a 160 с.  |c ил. 
320 |a Библиогр.: с. 155-156. 
610 1 |a газотурбинные установки 
610 1 |a магистральные газопроводы 
610 1 |a компрессорное хозяйство 
610 1 |a эксплуатация 
675 |a 662.950.63  |v 3 
700 1 |a Поршаков  |b Б. П.  |g Борис Павлович 
701 1 |a Халатин  |b В. И.  |g Владимир Иванович 
801 1 |a RU  |b 63413507  |c 20080128  |g PSBO 
801 2 |a RU  |b 63413507  |c 20090115  |g PSBO 
942 |c BK